Brunner & Suddarth's Textbook of medical-Surgical Nursing. / (Record no. 20340)

MARC details
000 -LEADER
fixed length control field 00801cam a22002652 4500
001 - CONTROL NUMBER
control field 0000025292
003 - CONTROL NUMBER IDENTIFIER
control field OSt
005 - DATE AND TIME OF LATEST TRANSACTION
control field 20231019130838.0
008 - FIXED-LENGTH DATA ELEMENTS--GENERAL INFORMATION
fixed length control field 150605s xxa 000 0 eng d
020 ## - INTERNATIONAL STANDARD BOOK NUMBER
Terms of availability 1975170644
040 ## - CATALOGING SOURCE
Original cataloging agency KABU
Transcribing agency KABU
050 ## - LIBRARY OF CONGRESS CALL NUMBER
Classification number RT41
Item number .B78 2022
100 1# - MAIN ENTRY--PERSONAL NAME
Personal name Hinkle, Junice L.
245 10 - TITLE STATEMENT
Title Brunner & Suddarth's Textbook of medical-Surgical Nursing. /
Statement of responsibility, etc. by Janice L. Hinkle
260 ## - PUBLICATION, DISTRIBUTION, ETC. (IMPRINT)
Place of publication, distribution, etc. Philadelphia. :
Name of publisher, distributor, etc. Wolters Kluwer,
Date of publication, distribution, etc. 2022
300 ## - PHYSICAL DESCRIPTION
Extent 1 vol. (various paging).
650 #0 - SUBJECT ADDED ENTRY--TOPICAL TERM
Topical term or geographic name as entry element Nursing care.
650 #0 - SUBJECT ADDED ENTRY--TOPICAL TERM
Topical term or geographic name as entry element Perioperative nursing.
700 1# - ADDED ENTRY--PERSONAL NAME
Personal name Cheever, Kerry H.
700 1# - ADDED ENTRY--PERSONAL NAME
Personal name Overbaugh, Kristen J.
908 ## - PUT COMMAND PARAMETER (RLIN)
Put command parameter 150605
942 ## - ADDED ENTRY ELEMENTS (KOHA)
Source of classification or shelving scheme Library of Congress Classification
Koha item type General Collection
Holdings
Withdrawn status Lost status Source of classification or shelving scheme Not for loan Home library Current library Date acquired Cost, normal purchase price Total Checkouts Full call number Barcode Date last seen Date last checked out Price effective from Koha item type
    Library of Congress Classification   Kabarak, Main Campus Kabarak, Main Campus 19/10/2023 14198.00 1 RT41 .B78 2022 c.1 34339 28/01/2026 01/02/2024 19/10/2023 General Collection
Designed with assistance from East African Informatics Ltd